[Event "22nd Trieste Masters Open 2020"]
[Site "Trieste"]
[Date "2020.08.31"]
[Round "3.5"]
[White "Candian, Lorenzo"]
[Black "Gilevych, Artem"]
[Result "0-1"]
[WhiteElo "1885"]
[BlackElo "2419"]
[Annotator "ChessBase"]
[PlyCount "120"]
[EventDate "2020.08.31"]
[EventType "swiss"]
[EventCountry "ITA"]
[SourceTitle "playchess.com"]
[Source "ChessBase"]
[SourceQuality "1"]
[TimeControl "5400+30"]

1. e4 {[%emt 0:00:00]} Nc6 {[%emt 0:03:57]} 2. Nf3 {[%emt 0:00:26]} d6 {[%emt 0:01:17]} 3. d4 {[%emt 0:00:28]} Nf6 {[%emt 0:00:16]} 4. Nc3 {[%emt 0:01:01]} Bg4 {[%emt 0:00:05]} 5. Bb5 {[%emt 0:01:34]} a6 {[%emt 0:00:32]} 6. Bxc6+ {[%emt 0:01:10]} bxc6 {[%emt 0:00:05]} 7. O-O {[%emt 0:01:45]} e6 {[%emt 0:00:25]} 8. Re1 {[%emt 0:04:54]} Be7 {[%emt 0:00:07]} 9. Bf4 {[%emt 0:08:05]} O-O {[%emt 0:00:17]} 10. h3 {[%emt 0:02:49]} Bh5 {[%emt 0:01:10]} 11. Qd3 {[%emt 0:05:37]} Nd7 {[%emt 0:04:54]} 12. Rad1 {[%emt 0:06:59]} c5 {[%emt 0:00:57]} 13. d5 {[%emt 0:00:49]} Bxf3 {[%emt 0:05:09]} 14. Qxf3 {[%emt 0:00:36]} Bf6 {[%emt 0:00:14]} 15. Qg4 {[%emt 0:07:33]} Qe7 {[%emt 0:02:30]} 16. Bg3 {[%emt 0:08:55]} Bxc3 {[%emt 0:00:37]} 17. bxc3 {[%emt 0:00:09]} e5 {[%emt 0:00:59]} 18. Bh4 {[%emt 0:00:53]} f6 {[%emt 0:00:08]} 19. c4 {[%emt 0:01:57]} Nb6 {[%emt 0:01:33]} 20. Qe2 {[%emt 0:05:03]} Qd7 {[%emt 0:00:05]} 21. c3 {[%emt 0:01:23]} Qa4 {[%emt 0:00:31]} 22. Rb1 {[%emt 0:00:52]} Qxc4 {[%emt 0:01:58]} 23. Qxc4 {[%emt 0:00:35]} Nxc4 {[%emt 0:00:03]} 24. Rb7 {[%emt 0:00:26]} Rf7 {[%emt 0:01:08]} 25. f3 {[%emt 0:01:15]} Na5 {[%emt 0:07:37]} 26. Rb2 {[%emt 0:00:34]} Kf8 {[%emt 0:00:17]} 27. Reb1 {[%emt 0:00:33]} Ke7 {[%emt 0:00:07]} 28. Be1 {[%emt 0:02:08]} Kd7 {[%emt 0:02:59]} 29. Kf2 {[%emt 0:01:01]} Nc4 {[%emt 0:02:57]} 30. Rb3 {[%emt 0:01:11]} f5 {[%emt 0:02:58]} 31. Ke2 {[%emt 0:02:59]} fxe4 {[%emt 0:00:10]} 32. fxe4 {[%emt 0:00:11]} Nb6 {[%emt 0:00:53]} 33. R3b2 {[%emt 0:02:08]} Rf4 {[%emt 0:03:13]} 34. Kd3 {[%emt 0:00:34]} Na4 {[%emt 0:00:31]} 35. Re2 {[%emt 0:01:15]} c4+ {[%emt 0:02:27]} 36. Kxc4 {[%emt 0:01:35]} Nc5 {[%emt 0:00:05]} 37. Bd2 {[%emt 0:00:22]} Rxe4+ {[%emt 0:00:06]} 38. Rxe4 {[%emt 0:00:06]} Nxe4 {[%emt 0:00:03]} 39. Be3 {[%emt 0:00:20]} Nf6 {[%emt 0:09:58]} 40. Rb2 {[%emt 0:01:52]} Kc8 {[%emt 0:04:04]} 41. Bg5 {[%emt 0:02:14]} Rb8 {[%emt 0:01:28]} 42. Rf2 {[%emt 0:00:58]} Ne4 {[%emt 0:00:15]} 43. Rf8+ {[%emt 0:00:08]} Kb7 {[%emt 0:00:04]} 44. Rxb8+ {[%emt 0:00:11]} Kxb8 {[%emt 0:00:03]} 45. Be3 {[%emt 0:00:12]} Nf6 {[%emt 0:00:51]} 46. Bf2 {[%emt 0:00:32]} h5 {[%emt 0:01:04]} 47. a4 {[%emt 0:00:21]} Kc8 {[%emt 0:00:14]} 48. Be3 {[%emt 0:00:26]} Kd7 {[%emt 0:00:04]} 49. Bf2 {[%emt 0:00:48]} Ke8 {[%emt 0:05:06]} 50. Be3 {[%emt 0:00:12]} Kd7 {[%emt 0:00:51]} 51. Bf2 {[%emt 0:00:44]} c6 {[%emt 0:00:04]} 52. dxc6+ {[%emt 0:00:10]} Kxc6 {[%emt 0:00:03]} 53. Be3 {[%emt 0:00:33]} Nd5 {[%emt 0:01:30]} 54. Bd2 {[%emt 0:00:44]} Nb6+ {[%emt 0:01:00]} 55. Kb4 {[%emt 0:00:11]} Kd5 {[%emt 0:00:16]} 56. Be3 {[%emt 0:00:50]} Nc4 {[%emt 0:00:05]} 57. Bf2 {[%emt 0:00:14]} e4 {[%emt 0:00:59]} 58. Kb3 {[%emt 0:00:13]} e3 {[%emt 0:01:26]} 59. Be1 {[%emt 0:00:08]} e2 {[%emt 0:00:50]} 60. g3 {[%emt 0:00:57]} Ne3 {[%emt 0:00:49]} 0-1

[Event "22nd Trieste Masters Open 2020"]
[Site "Trieste"]
[Date "2020.08.31"]
[Round "4.1"]
[White "Bosiocic, Marin"]
[Black "Moroni, Luca Jr"]
[Result "1/2-1/2"]
[WhiteElo "2606"]
[BlackElo "2530"]
[Annotator "ChessBase"]
[PlyCount "55"]
[EventDate "2020.08.31"]
[EventType "swiss"]
[EventCountry "ITA"]
[SourceTitle "playchess.com"]
[Source "ChessBase"]
[SourceQuality "1"]
[TimeControl "5400+30"]

1. e4 {[%emt 0:01:00]} e5 {[%emt 0:00:00]} 2. Nf3 {[%emt 0:00:03]} Nc6 {[%emt 0:00:00]} 3. Bb5 {[%emt 0:00:05]} a6 {[%emt 0:00:00]} 4. Ba4 {[%emt 0:00:04]} Nf6 {[%emt 0:00:00]} 5. O-O {[%emt 0:00:06]} b5 {[%emt 0:00:00]} 6. Bb3 {[%emt 0:00:06]} Bc5 {[%emt 0:00:00]} 7. c3 {[%emt 0:00:07]} d6 {[%emt 0:00:00]} 8. d4 {[%emt 0:00:05]} Bb6 {[%emt 0:00:00]} 9. a4 {[%emt 0:00:05]} Rb8 {[%emt 0:00:00]} 10. a5 {[%emt 0:00:04]} Ba7 {[%emt 0:00:03]} 11. h3 {[%emt 0:00:07]} O-O {[%emt 0:00:12]} 12. Be3 {[%emt 0:00:08]} exd4 {[%emt 0:02:47]} 13. cxd4 {[%emt 0:00:09]} Nb4 {[%emt 0:00:31]} 14. Nc3 {[%emt 0:00:19]} Bb7 {[%emt 0:01:00]} 15. Re1 {[%emt 0:00:14]} Nxe4 {[%emt 0:20:36]} 16. Nxe4 {[%emt 0:40:51]} Bxe4 {[%emt 0:00:07]} 17. Bd2 {[%emt 0:01:30]} Bxf3 {[%emt 0:00:31]} 18. Qxf3 {[%emt 0:00:05]} c5 {[%emt 0:00:39]} 19. Qg3 {[%emt 0:06:19]} Kh8 {[%emt 0:08:44]} 20. Bc3 {[%emt 0:17:52]} f6 {[%emt 0:04:10]} 21. Re6 {[%emt 0:04:47]} Nc6 {[%emt 0:04:53]} 22. Rxd6 {[%emt 0:11:40]} Qc7 {[%emt 0:03:35]} 23. d5 {[%emt 0:00:30]} c4 {[%emt 0:03:12]} 24. dxc6 {[%emt 0:01:24]} Bc5 {[%emt 0:00:35]} 25. Rad1 {[%emt 0:08:47]} Bxd6 {[%emt 0:12:12]} 26. Rxd6 {[%emt 0:00:05]} cxb3 {[%emt 0:00:32]} 27. Be5 {[%emt 0:01:54]} fxe5 {[%emt 0:08:38]} 28. Rd7 {[%emt 0:00:05]} 1/2-1/2

[Event "22nd Trieste Masters Open 2020"]
[Site "Trieste"]
[Date "2020.08.31"]
[Round "4.2"]
[White "Sepehrkhoui, Ardeshir"]
[Black "Lagarde, Maxime"]
[Result "0-1"]
[WhiteElo "2237"]
[BlackElo "2657"]
[Annotator "TA"]
[PlyCount "88"]
[EventDate "2020.08.31"]
[EventType "swiss"]
[EventCountry "ITA"]
[SourceTitle "playchess.com"]
[Source "ChessBase"]
[SourceQuality "1"]

{[%evp 9,88,29,30,36,39,36,34,29,35,16,15,13,9,7,20,13,17,0,13,21,46,0,26,20,21,12,34,34,39,18,43,0,0,0,8,-14,0,0,0,-8,0,0,0,0,0,-66,-76,-73,-96,-88,-85,-81,-29,-92,0,0,0,0,6,6,3,0,7,14,45,0,0,0,0,-33,-33,-129,-133,-133,-107,-252,-252,-237,-211,-12840,-12837]} 1. Nf3 f5 2. d3 Nc6 3. d4 e6 4. g3 Nf6 5. Bg2 Be7 6. O-O {A04: Unusual lines after 1 Nf3 and King's Indian Attack.} O-O 7. c4 d6 8. d5 {White is slightly better.} Ne5 9. dxe6 Nxc4 10. Nd4 d5 11. Nxf5 Bxe6 12. Nxe7+ Qxe7 13. b3 {[#]} Nd6 $146 ({Predecessor:} 13... Ne5 14. Bb2 Bf7 15. Nd2 Rad8 16. Rc1 b6 17. Nf3 Nxf3+ 18. Bxf3 c5 19. e3 Ne4 {1-0 (44) Moranda,W (2588)-Piorun,K (2586) Poland 2015}) 14. Nc3 {[%cal Rc3d5]} Qf7 15. Bg5 {Black should prevent Bxf6.} Nfe4 16. Nxe4 Nxe4 17. Be3 a5 18. Rc1 Rfe8 19. Qc2 c6 20. Qb2 (20. f3 $5 {[%cal Rf3e4]} Nf6 21. Bd4 $14) 20... Bf5 21. a4 Re6 22. b4 Nd6 23. b5 Nc4 24. Qd4 Be4 25. Bh3 Ree8 26. bxc6 bxc6 27. Qc5 (27. Bd2 $11) 27... Qh5 $1 $15 {[%csl LRe2,LRh3]} ({Reject} 27... Nxe3 $6 28. fxe3 Qh5 29. Bd7 $14) 28. Rxc4 Qxh3 {[%csl Ge4][%cal Rh3g2] [#]} 29. Rxe4 $1 {[%mdl 512]} dxe4 30. Qxc6 h6 ({Black should try} 30... Qe6 $17 31. Qxe6+ Rxe6) 31. Bd4 (31. Qb5 $11 {keeps the balance.}) 31... Kh7 (31... Rad8 $17 32. Qc3 Rd5) 32. Rb1 $11 {And now Rb7! would win.} Rac8 33. Rb7 Qg4 34. Qb5 Rg8 $1 35. Qe5 Rc4 $132 {[%mdl 2048] Black is not keeping still} 36. h3 Qg6 37. Rb6 Rc6 38. Rb7 Re6 39. Qxa5 e3 $1 {[%cal Re3f2]} 40. Qb5 ({Better is} 40. g4 $15) 40... exf2+ $17 41. Bxf2 Rd8 {[#] Threatens to win with ...Rd1+.} 42. Qb1 (42. Qc4 $17 {was forced.}) 42... Rxe2 $19 {...Rdd2 is the strong threat.} 43. Qxg6+ Kxg6 44. a5 $2 (44. Rb4) 44... Rd1+ {Accuracy: White = 69%, Black = 81%.} 0-1

[Event "22nd Trieste Masters Open 2020"]
[Site "Trieste"]
[Date "2020.08.31"]
[Round "4.3"]
[White "Korneev, Oleg"]
[Black "Brunello, Sabino"]
[Result "1/2-1/2"]
[WhiteElo "2517"]
[BlackElo "2532"]
[Annotator "ChessBase"]
[PlyCount "22"]
[EventDate "2020.08.31"]
[EventType "swiss"]
[EventCountry "ITA"]
[SourceTitle "playchess.com"]
[Source "ChessBase"]
[SourceQuality "1"]
[TimeControl "5400+30"]

1. d4 {[%emt 0:07:21]} d5 {[%emt 0:00:21]} 2. Nf3 {[%emt 0:00:06]} Nf6 {[%emt 0:02:06]} 3. Bf4 {[%emt 0:02:01]} c5 {[%emt 0:09:50]} 4. e3 {[%emt 0:00:03]} Nc6 {[%emt 0:00:22]} 5. Nbd2 {[%emt 0:00:04]} Nh5 {[%emt 0:04:27]} 6. Be5 {[%emt 0:04:22]} e6 {[%emt 0:14:17]} 7. h3 {[%emt 0:01:37]} cxd4 {[%emt 0:08:58]} 8. exd4 {[%emt 0:00:51]} Bd6 {[%emt 0:02:32]} 9. Bb5 {[%emt 0:11:24]} O-O {[%emt 0:05:49]} 10. Bxd6 {[%emt 0:00:35]} Qxd6 {[%emt 0:00:52]} 11. O-O {[%emt 0:00:06]} Nf4 {[%emt 0:04:10]} 1/2-1/2

[Event "22nd Trieste Masters Open 2020"]
[Site "Trieste"]
[Date "2020.08.31"]
[Round "4.4"]
[White "Mazi, Leon"]
[Black "Jovanic, Ognjen"]
[Result "1/2-1/2"]
[WhiteElo "2354"]
[BlackElo "2526"]
[Annotator "ChessBase"]
[PlyCount "96"]
[EventDate "2020.08.31"]
[EventType "swiss"]
[EventCountry "ITA"]
[SourceTitle "playchess.com"]
[Source "ChessBase"]
[SourceQuality "1"]
[TimeControl "5400+30"]

1. e4 {[%emt 0:00:39]} e5 {[%emt 0:00:00]} 2. Nf3 {[%emt 0:01:46]} Nf6 {[%emt 0:00:10]} 3. Nxe5 {[%emt 0:01:52]} d6 {[%emt 0:00:08]} 4. Nf3 {[%emt 0:00:15]} Nxe4 {[%emt 0:00:10]} 5. Qe2 {[%emt 0:00:31]} Qe7 {[%emt 0:00:37]} 6. d3 {[%emt 0:00:22]} Nf6 {[%emt 0:00:35]} 7. Bg5 {[%emt 0:00:44]} Qxe2+ {[%emt 0:04:59]} 8. Bxe2 {[%emt 0:01:36]} Nbd7 {[%emt 0:00:13]} 9. Nc3 {[%emt 0:02:44]} h6 {[%emt 0:01:24]} 10. Bd2 {[%emt 0:03:34]} c6 {[%emt 0:01:24]} 11. O-O-O {[%emt 0:04:20]} d5 {[%emt 0:01:31]} 12. Rde1 {[%emt 0:01:48]} Nc5 {[%emt 0:04:58]} 13. Bd1+ {[%emt 0:04:58]} Ne6 {[%emt 0:00:19]} 14. Ne5 {[%emt 0:01:57]} Nd7 {[%emt 0:13:40]} 15. f4 {[%emt 0:12:44]} Nxe5 {[%emt 0:00:15]} 16. Rxe5 {[%emt 0:00:12]} Bd6 {[%emt 0:00:35]} 17. Ree1 {[%emt 0:00:39]} Kf8 {[%emt 0:03:04]} 18. Rhf1 {[%emt 0:03:20]} Bd7 {[%emt 0:02:40]} 19. Ne2 {[%emt 0:04:04]} Re8 {[%emt 0:08:29]} 20. g3 {[%emt 0:02:30]} h5 {[%emt 0:07:53]} 21. Ng1 {[%emt 0:04:21]} Nc7 {[%emt 0:08:43]} 22. Bc3 {[%emt 0:07:20]} Rxe1 {[%emt 0:00:29]} 23. Rxe1 {[%emt 0:00:08]} f6 {[%emt 0:04:57]} 24. Nf3 {[%emt 0:03:03]} Kf7 {[%emt 0:04:19]} 25. Nh4 {[%emt 0:04:53]} g6 {[%emt 0:07:17]} 26. Bd2 {[%emt 0:01:04]} Bg4 {[%emt 0:01:41]} 27. c3 {[%emt 0:02:47]} Bxd1 {[%emt 0:02:39]} 28. Kxd1 {[%emt 0:00:06]} Re8 {[%emt 0:00:53]} 29. Be3 {[%emt 0:03:23]} c5 {[%emt 0:01:43]} 30. Kd2 {[%emt 0:00:43]} b6 {[%emt 0:00:56]} 31. Rf1 {[%emt 0:06:05]} f5 {[%emt 0:02:07]} 32. Nf3 {[%emt 0:01:01]} Ne6 {[%emt 0:00:12]} 33. a4 {[%emt 0:01:38]} Kf6 {[%emt 0:01:02]} 34. Re1 {[%emt 0:02:14]} Re7 {[%emt 0:01:38]} 35. Kc2 {[%emt 0:01:18]} Nd8 {[%emt 0:01:32]} 36. Bd2 {[%emt 0:02:27]} Rxe1 {[%emt 0:00:49]} 37. Bxe1 {[%emt 0:00:01]} Nc6 {[%emt 0:00:42]} 38. c4 {[%emt 0:01:26]} d4 {[%emt 0:00:36]} 39. Bd2 {[%emt 0:00:40]} Be7 {[%emt 0:00:08]} 40. h4 {[%emt 0:04:44]} Ke6 {[%emt 0:00:28]} 41. Kb3 {[%emt 0:01:55]} a5 {[%emt 0:04:27]} 42. Kc2 {[%emt 0:00:34]} Bd8 {[%emt 0:00:07]} 43. Kd1 {[%emt 0:00:18]} Be7 {[%emt 0:00:05]} 44. Ke2 {[%emt 0:00:12]} Bd8 {[%emt 0:00:06]} 45. Kf2 {[%emt 0:00:14]} Bf6 {[%emt 0:00:21]} 46. Ke2 {[%emt 0:00:07]} Bd8 {[%emt 0:00:08]} 47. Kf2 {[%emt 0:00:11]} Bf6 {[%emt 0:00:05]} 48. Ke2 {[%emt 0:00:06]} Bd8 {[%emt 0:00:03]} 1/2-1/2

[Event "22nd Trieste Masters Open 2020"]
[Site "Trieste"]
[Date "2020.09.01"]
[Round "4.5"]
[White "Gilevych, Artem"]
[Black "Unuk, Laura"]
[Result "0-1"]
[WhiteElo "2419"]
[BlackElo "2315"]
[Annotator "TA"]
[PlyCount "94"]
[EventDate "2020.08.31"]
[EventType "swiss"]
[EventCountry "ITA"]
[SourceTitle "playchess.com"]
[Source "ChessBase"]
[SourceQuality "1"]

{[%evp 20,93,35,18,32,19,22,18,40,0,13,30,725,-177,0,0,39,24,20,8,44,39,42,46,58,36,36,41,119,120,108,110,118,117,112,60,80,0,0,0,0,0,1,2,72,46,56,0,0,0,0,-1527,-1073,-2160,-1766,-1718,-1150,-1009,-956,-29988,-29983,-29982,-29980,-5509,0,-29991,-29992,-29992,-4132,-29993,-29992,-29994,-29992,-29993,-29994,-29999]} 1. e4 e5 2. Nf3 Nc6 3. Bc4 Nf6 4. d4 exd4 5. e5 d5 6. Bb5 Ne4 7. Nxd4 Bc5 8. Be3 O-O 9. Nxc6 bxc6 10. Bxc5 Nxc5 11. Bxc6 {[%mdl 64] [#] Double Attack} Rb8 {Hoping for ...Ba6. C56: Two Knights: 4 d4 exd4 5 0-0 Nxe4.} 12. Qxd5 Qe7 13. O-O $1 Rxb2 {The position is equal.} 14. Qd4 Rxc2 15. Nc3 $1 Rb2 $2 {[%mdl 8192]} (15... Ne6 $11 16. Qd3 Rb2) 16. Nb1 $4 {[%mdl 8192]} (16. Nd5 $18 {is the narrow road to win.} Qe6 17. Qxb2) 16... Rc2 $2 (16... Rb6 $19 17. Be4 Rd8) 17. Nc3 $11 Be6 (17... Rb2 {is interesting.}) 18. Nd5 Bxd5 19. Bxd5 {[#]} a5 $146 ({Predecessor:} 19... Ne6 20. Qxa7 Qg5 21. Rae1 Nf4 22. Qe3 c6 23. Be4 Rxa2 24. h4 Qxh4 25. g3 Nh3+ 26. Kg2 Qg4 27. Bf3 Qe6 28. g4 Rfa8 29. Kxh3 R2a3 30. Qf4 h5 31. Kg2 R8a4 32. Re4 hxg4 33. Qxg4 {1-0 (31) Vocaturo,D (2626)-Guichard,P (2378) Caleta 2019}) 20. Rac1 Rxc1 21. Rxc1 Ne6 22. Qc4 Rd8 23. g3 Rd7 (23... h5 $14) 24. Rb1 $16 g6 25. Rb5 c6 {[%mdl 64] Decoy} 26. Qxc6 Nd4 {[%mdl 64] Double Attack} 27. Qa8+ (27. Qc8+ $16 Kg7 28. Rc5 (28. Rxa5 Rc7 $11)) 27... Kg7 $14 {[#]} 28. Rxa5 (28. Rb7 $1 $16) 28... Qxe5 $11 {aiming for ...Qe1+.} 29. Kg2 {Bc6 is the strong threat.} Qe2 {And now ...Nc2 would win.} 30. Bf3 Qe1 31. Rc5 h5 ({Don't play} 31... Re7 $6 32. Rc8 $16) (31... Nb3 $1 $11 {keeps the balance.} 32. Rc8 (32. axb3 Rd2 $11) 32... Nd2 33. Rg8+ Kh6 34. Qf8+ Kg5 35. Qc5+ Kh6) 32. Qa4 Qe6 $1 {Strongly threatening ...h4!} 33. Bc6 (33. Qc4 $14) 33... Rd6 {[%cal Rd4c6]} 34. Bb7 h4 35. h3 $2 {[%mdl 8192]} (35. Qc4 $11) 35... hxg3 $19 36. Qc4 Qe1 37. Qf1 Qb4 38. Rc7 Rf6 39. f4 Qd2+ {[%mdl 64] Double Attack} 40. Kxg3 Nf5+ 41. Kf3 Nd4+ $2 $40 {[%mdl 128] Black mounts an attack.} ({Better is} 41... Rd6 $19 {( -> ...Qe3+)} 42. Qa1+ Rd4 43. Qxd4+ Nxd4+ 44. Ke4 Nf5) 42. Kg4 $2 {[%mdl 8192]} (42. Kg3 $11 Rxf4 {[%mdl 64] Deflection, Decoy} 43. Qxf4 Ne2+ {[%mdl 64] Double Attack} 44. Kf3 Qxf4+ 45. Kxe2 Qxc7 46. Bf3) 42... Ne2 43. Rc4 Qd7+ (43... Qe3 $142 44. Qf3 Qe6+ {[%mdl 64] Double Attack} 45. Kh4 Qxc4 {[%mdl 64] Double Attack} 46. Be4 Qc1 47. Bf5 Rxf5 48. Qg3 Rxf4+ 49. Qg4 Rxg4+ 50. hxg4 Qh6#) 44. Kh4 Qe7 {[%csl Ge2][%cal Rf6f4] Black mates.} 45. Qa1 Qxb7 46. Qe5 Qf3 {[%csl Ge2][%cal Rf3g3]} 47. f5 Qh5# {Accuracy: White = 61%, Black = 67%.} 0-1

[Event "22nd Trieste Masters Open 2020"]
[Site "Trieste"]
[Date "2020.09.01"]
[Round "5.1"]
[White "Lagarde, Maxime"]
[Black "Bosiocic, Marin"]
[Result "1-0"]
[WhiteElo "2657"]
[BlackElo "2606"]
[Annotator "TA"]
[PlyCount "59"]
[EventDate "2020.08.31"]
[EventType "swiss"]
[EventCountry "ITA"]
[SourceTitle "playchess.com"]
[Source "ChessBase"]
[SourceQuality "1"]

{[%evp 12,59,21,17,23,26,23,0,0,0,0,0,0,0,0,0,0,0,7,0,0,0,0,0,0,0,0,0,0,0,0,-28,322,323,318,318,319,315,311,311,368,361,556,567,849,838,835,830,777,770]} 1. e4 c5 2. Nf3 d6 3. d4 cxd4 4. Nxd4 Nf6 5. Nc3 a6 6. Bg5 Nbd7 7. Bc4 Qb6 {B94: Sicilian Najdorf: 6 Bg5 Nbd7.} 8. Bb3 e6 9. Qd2 Be7 {The position is equal.} 10. O-O-O Nc5 11. Rhe1 h6 12. Bh4 {Black must now prevent Nf5!} O-O 13. g3 Qc7 14. f4 $1 Re8 15. e5 dxe5 16. fxe5 Nfd7 {[#]} 17. Nf5 $5 $146 {[%mdl 8] New and interesting.} ({Predecessor:} 17. Kb1 Nxe5 18. Rxe5 Qxe5 19. Bxe7 Rxe7 20. Nc6 bxc6 21. Qd8+ Kh7 22. Qxe7 f5 23. Qd6 Qxd6 24. Rxd6 Nxb3 25. axb3 {½-½ (30) Goncharenko,G (2495)-Kraft,D (2482) ICCF email 2018}) 17... Nxb3+ 18. axb3 exf5 19. Nd5 $36 {[%mdl 2048] White has some pressure.} Qd8 $1 {[#] Hoping for ...g5.} 20. Nxe7+ Rxe7 21. g4 a5 $2 {[%mdl 8192] Loses the game.} (21... fxg4 $11 {and Black stays safe.} 22. e6 f6) 22. gxf5 $18 {And now f6 would win.} a4 {[#] Strongly threatening ...axb3!} 23. Qb4 $1 {[%mdl 64] Double Attack, Pin} axb3 24. Bxe7 Qc7 {[%csl Gb3][%cal Rc7c2]} 25. Qc3 ({Weaker is} 25. Qxb3 Nxe5 26. Ba3 (26. Rd8+ Kh7 $17) 26... Bxf5 $14) 25... Qxc3 26. bxc3 b2+ (26... bxc2 {was necessary.} 27. Kxc2 Nf8) 27. Kxb2 {White is clearly winning.} Nb6 28. e6 fxe6 29. fxe6 Nc4+ 30. Kb1 {Accuracy: White = 100%, Black = 71%.} 1-0

[Event "22nd Trieste Masters Open 2020"]
[Site "Trieste"]
[Date "2020.09.01"]
[Round "5.2"]
[White "Moroni, Luca Jr"]
[Black "Brunello, Sabino"]
[Result "1/2-1/2"]
[WhiteElo "2530"]
[BlackElo "2532"]
[Annotator "RC"]
[PlyCount "64"]
[EventDate "2020.08.31"]
[EventType "swiss"]
[EventCountry "ITA"]
[SourceTitle "playchess.com"]
[Source "ChessBase"]
[SourceQuality "1"]
[TimeControl "5400+30"]

1. d4 {[%emt 0:00:00]} d5 {[%emt 0:00:02]} 2. c4 {[%emt 0:00:00]} c6 {[%emt 0:00:16]} 3. Nf3 {[%emt 0:00:00]} Nf6 {[%emt 0:00:51]} 4. Nc3 {[%emt 0:00:00]} e6 {[%emt 0:03:08]} 5. Bg5 {[%emt 0:00:00]} Nbd7 {[%emt 0:00:58]} 6. e3 {[%emt 0:00:00]} Qa5 {[%emt 0:00:28]} 7. Nd2 {[%emt 0:00:14]} dxc4 {[%emt 0:01:48]} 8. Bxf6 {[%emt 0:00:21]} Nxf6 {[%emt 0:00:08]} 9. Nxc4 {[%emt 0:00:06]} Qc7 {[%emt 0:01:01]} 10. g3 {[%emt 0:00:10]} b5 {[%emt 0:12:15]} 11. Nd2 {[%emt 0:15:26]} Bb7 {[%emt 0:05:56]} 12. Bg2 {[%emt 0:01:26]} a6 {[%emt 0:04:50]} 13. O-O {[%emt 0:08:53]} c5 {[%emt 0:03:34]} 14. dxc5 {[%emt 0:02:46]} Bxg2 {[%emt 0:13:36]} 15. Kxg2 {[%emt 0:01:15]} Qb7+ {[%emt 0:00:03]} 16. Qf3 {[%emt 0:01:37]} Qxf3+ {[%emt 0:00:09]} 17. Kxf3 {[%emt 0:07:13]} Bxc5 {[%emt 0:00:10]} 18. a4 {[%emt 0:01:34]} bxa4 {[%emt 0:12:56]} 19. Rxa4 {[%emt 0:06:18]} O-O {[%emt 0:06:31]} 20. Rfa1 {[%emt 0:01:08]} Rab8 {[%emt 0:01:52]} 21. R1a2 {[%emt 0:06:42]} Bb4 {[%emt 0:07:27]} 22. Rxa6 {[%emt 0:03:47]} Rfc8 {[%emt 0:00:02]} 23. Nde4 {[%emt 0:01:58]} Nd7 {[%emt 0:01:07]} 24. Kg2 {[%emt 0:01:33]} Ne5 {[%emt 0:02:40]} 25. Ne2 {[%emt 0:05:17]} Bf8 {[%emt 0:03:44]} 26. Nd4 {[%emt 0:05:40]} Nd3 {[%emt 0:01:51]} 27. Ra7 {[%emt 0:05:41]} h6 {[%emt 0:06:29]} 28. b3 {[%emt 0:03:52]} Nc5 {[%emt 0:00:23]} 29. Nd2 {[%emt 0:03:09]} Nd3 {[%emt 0:00:33]} 30. Ne4 {[%emt 0:02:23]} Nc5 {[%emt 0:10:12]} 31. Nxc5 {[%emt 0:01:12]} Bxc5 {[%emt 0:00:00]} 32. Rd7 {[%emt 0:00:17]} Bxd4 {[%emt 0:00:00]} 1/2-1/2

[Event "22nd Trieste Masters Open 2020"]
[Site "Trieste"]
[Date "2020.09.01"]
[Round "5.3"]
[White "Brunello, Marina"]
[Black "Korneev, Oleg"]
[Result "1/2-1/2"]
[WhiteElo "2368"]
[BlackElo "2517"]
[Annotator "TA"]
[PlyCount "36"]
[EventDate "2020.08.31"]
[EventType "swiss"]
[EventCountry "ITA"]
[SourceTitle "playchess.com"]
[Source "ChessBase"]
[SourceQuality "1"]

{[%evp 13,36,16,21,22,20,22,15,16,28,-5,0,0,8,13,0,1,0,20,50,10,50,64,67,53,75]} 1. e4 e5 2. Nf3 Nc6 3. Bc4 Bc5 4. O-O Nf6 5. d3 d6 6. c3 O-O 7. a4 a5 8. Bg5 {C54: Giuoco Piano: 4 c3 Nf6, main lines with 5 d4 and 5 d3.} h6 9. Bh4 g5 10. Bg3 {The position is equal.} Bg4 11. Na3 {[%cal Bb1a3,Ba3c2,Bc2e3,Be3d5][%mdl 32] Recently 11.h3 got a lot of attention.} Nh5 12. Nc2 {[#]} Qf6 $146 ({Predecessor:} 12... Nf4 13. Ne3 Bh5 14. h3 Kh7 15. Ng4 Bb6 16. Bb3 Bg6 17. Ne3 Bh5 18. Ng4 Bg6 19. Ne3 Bh5 20. Ng4 Bg6 {½-½ (20) Ozer,O (2411)-Zajic,M (2499) Rymanow Zdroj 2017}) 13. Ne3 Bxf3 14. Qxf3 Qxf3 15. gxf3 Kh7 16. Rfd1 f6 17. Nd5 Rac8 18. Kg2 Rg8 {Accuracy: White = 79%, Black = 79%.} 1/2-1/2